Normal view
MARC view
- تأليف كريستي،أجاثا ؛ ترجمة برنارد الأسطة
Entry Personal Name
001 - CONTROL NUMBER
- control field: 18806
003 - CONTROL NUMBER IDENTIFIER
- control field: JO-AjAnu
005 - DATE AND TIME OF LATEST TRANSACTION
- control field: 20230606073309.0
008 - FIXED-LENGTH DATA ELEMENTS
- fixed length control field: 230606|| aca||aabn | a|a d
040 ## - CATALOGING SOURCE
- Original cataloging agency: JO-AjAnu
- Transcribing agency: JO-AjAnu
100 ## - HEADING--PERSONAL NAME
- Personal name: تأليف كريستي،أجاثا ؛ ترجمة برنارد الأسطة
670 ## - SOURCE DATA FOUND
- Source citation: Work cat.: (JO-AjAnu)9652: تأليف كريستي،أجاثا ؛ ترجمة برنارد الأسطة, author, بصمات الأصابع (8)